000 00515pab a2200181 454500
008 180718b2012 xxu||||| |||| 00| 0 eng d
100 _aMarion, Mathew C.J.
245 _aPromoting a culture of quality and excellence in higher education institutions: Issues and challenges
260 _c2012
300 _ap.42-45,55.
362 _a22 Oct
650 _aEducational institutions
650 _aHigher education
650 _aEducational quality
773 _aUniversity News
908 _aN
909 _a97812
999 _c97811
_d97811